000 00385 a2200169 4500
001 184286
020 _a85-08-06905-7
040 _cMagnum
100 _aBrezina, Thomas
240 1 0 _aVítima de uma armadilha
_lpor
245 1 0 _aVítima de uma armadilha
300 _a78
362 0 _a1998
440 1 _aÁtica
697 _aLITERATURA INFANTO-JUVENIL ESTRANGEIRA
942 _cBK
999 _c184286
_d184286